<?xml version="1.0" encoding="UTF-8"?>
<record
    xmlns:xsi="http://www.w3.org/2001/XMLSchema-instance"
    xsi:schemaLocation="http://www.loc.gov/MARC21/slim http://www.loc.gov/standards/marcxml/schema/MARC21slim.xsd"
    xmlns="http://www.loc.gov/MARC21/slim">

  <leader>00744nam a22002177a 4500</leader>
  <controlfield tag="005">20150318104220.0</controlfield>
  <controlfield tag="008">140714b        xxu||||| |||| 00| 0 Urdu d</controlfield>
  <datafield tag="010" ind1=" " ind2=" ">
    <subfield code="a">UR-8734</subfield>
  </datafield>
  <datafield tag="020" ind1="q" ind2=" ">
    <subfield code="a">9789380279022</subfield>
    <subfield code="c">400.00</subfield>
  </datafield>
  <datafield tag="035" ind1=" " ind2=" ">
    <subfield code="a">U-7289</subfield>
  </datafield>
  <datafield tag="037" ind1=" " ind2=" ">
    <subfield code="b">DBAD/Pub.</subfield>
  </datafield>
  <datafield tag="040" ind1=" " ind2=" ">
    <subfield code="a">DPL</subfield>
    <subfield code="b">Urdu</subfield>
  </datafield>
  <datafield tag="082" ind1=" " ind2=" ">
    <subfield code="a">840.8</subfield>
  </datafield>
  <datafield tag="100" ind1=" " ind2=" ">
    <subfield code="a">&#x639;&#x644;&#x648; &#x6CC; &#x60C;&#x62A;&#x646;&#x648; &#x64A;&#x631; &#x627; &#x62D;&#x645;&#x62F;</subfield>
  </datafield>
  <datafield tag="110" ind1=" " ind2=" ">
    <subfield code="b">-</subfield>
  </datafield>
  <datafield tag="245" ind1=" " ind2=" ">
    <subfield code="a">&#x200E;&#x641;&#x646; &#x62A;&#x632; &#x6A9;&#x631; &#x6C1; &#x646;&#x6AF;&#x627; &#x631; &#x6CC; &#x627; &#x648; &#x631; &#x639;&#x635;&#x631; &#x6CC; &#x631; &#x62D;&#x62C;&#x627; &#x646;&#x627; &#x62A;</subfield>
    <subfield code="c">&#x639;&#x644;&#x648; &#x6CC; &#x60C;&#x62A;&#x646;&#x648; &#x64A;&#x631; &#x627; &#x62D;&#x645;&#x62F;</subfield>
  </datafield>
  <datafield tag="246" ind1=" " ind2=" ">
    <subfield code="a">Fanne Tazkira Nigari Aur Asri Rujhanaat (Ek Mutaala)</subfield>
    <subfield code="b">By Tanvir Ahmed Alvi</subfield>
  </datafield>
  <datafield tag="260" ind1=" " ind2=" ">
    <subfield code="a">&#x62F; &#x6BE;&#x644;&#x6CC;</subfield>
    <subfield code="b">Shahid Publications</subfield>
    <subfield code="c">2010</subfield>
  </datafield>
  <datafield tag="270" ind1=" " ind2=" ">
    <subfield code="a">2253,Resham Street,Kucha Chelan, Darya Ganj,</subfield>
    <subfield code="b">New Delhi</subfield>
    <subfield code="e">110002</subfield>
  </datafield>
  <datafield tag="300" ind1=" " ind2=" ">
    <subfield code="a">405&#x635;</subfield>
    <subfield code="c">22Cm (Hb)</subfield>
  </datafield>
  <datafield tag="999" ind1=" " ind2=" ">
    <subfield code="c">92293</subfield>
    <subfield code="d">92293</subfield>
  </datafield>
</record>
